LEADER 01525nam a2200301 i 4500 001 000000224710 003 CaOOAMICUS 005 20131108000000.0 008 131108s2013 it u000 u ita u 013 $a203608 020 $a978-88-399-0865-0 040 $aSeMil$bita 100 1 $aBöttigheimer, Christoph,$d<1960- >.$0(OLS)http://semarc/name/75635 240 10$aGlaubensnöte : theologische Überlegungen zu bedrängenden Glaubensfragen und Kirchenerfahrungen.$0(OLS)http://semarc/title/322019 245 13$aLe difficoltā della fede :$briflessioni teologiche su problematiche questioni di fede ed esperienze ecclesilai /$cChristoph Böttigheimer. 260 $aBrescia :$bQueriniana,$c2013. 300 $a280 p. ;$c20 cm. 490 0 $aGiornale di teologia ;$v365 650 4$aTeodicea.$0(OLS)http://semarc/subject/1184 650 4$aFede cristiana.$0(OLS)http://semarc/subject/3433 650 4$aCristianesimo - Sec. 21. - Prospettive.$0(OLS)http://semarc/subject/10231 830 0$aGiornale di teologia ;$v365.$0(OLS)http://semarc/title/419620 850 $aSeMil 852 $aSeMil$W1$xVenegono$y1$m2M III 765$j175056$B175056$CSeMilBibl$Z2$F185022 $81 961 $aSottoscrizione: Queriniana 996 $6020$a978-88-399-0865-0$9(OLS)http://semarc/number/225326 996 $6245$aLe difficoltā della fede :$briflessioni teologiche su problematiche questioni di fede ed esperienze ecclesilai$9(OLS)http://semarc/title/322018 996 $6260$aBrescia :$bQueriniana$9(OLS)http://semarc/publisher/29615 LEADER 01256nam a2200277 i 4500 001 000000034000 003 CaOOAMICUS 005 20120402000000.0 008 120402s1968 it u000 u ita u 013 $a155 040 $aSeMil$bita 100 1 $aNewbigin, Lesslie <1909- >.$0(OLS)http://semarc/name/15485 240 10$aMissionarische Kirche in weltlicher Welt.$0(OLS)http://semarc/title/45735 245 13$aLa Chiesa missionaria nel mondo moderno :$bla Ss.ma Trinitā e la nostra missione /$cLesslie Newbigin. 260 $aRoma :$bPaoline,$ccopyr. 1968. 300 $a127 p. ;$c18 cm. 490 0 $aPunti scottanti di teologia ;$v7 650 4$aEcumenismo e missioni.$0(OLS)http://semarc/subject/5512 650 4$aMissioni.$0(OLS)http://semarc/subject/3486 650 4$aTeologia missionaria.$0(OLS)http://semarc/subject/5367 830 0$aPunti scottanti di teologia ;$v7.$0(OLS)http://semarc/title/240 850 $aSeMil 852 $aSeMil$W1$xVenegono$y1$m2C V 357$j155$B155$CSeMilBibl$Z2$F155 $81 961 $aOmaggio: Deposito 996 $6245$aLa Chiesa missionaria nel mondo moderno :$bla Ss.ma Trinitā e la nostra missione$9(OLS)http://semarc/title/45734 996 $6260$aRoma :$bPaoline$9(OLS)http://semarc/publisher/29686